00481cam a22001337a 4500008004000000082001800040100002400058245005800082260005100140300001300191440002200204500008700226650003400313180718b1952 xxu||||| |||| 00| 0 eng d aI5516x73 In8c aArnow, Kathryn Smul aSelf-insurance in the treasurycby Kathryn Smul Arnow aNew YorkbPolygraphic Company of Americac1952 a202-214p aOPAC case studies aInter-university case program: cases in public administration and policy formation aInter-university case program